Southville International School and Colleges
Your cart is empty.
  • Cart
  • Lists
    Public lists Eva Luna New books Lux_list list_1
    Your lists Log in to create your own lists
  • Log in to your account
  • Your cookies
  • Search history
Southville International School and Colleges
  • Advanced search
  • Recent comments
  • Most popular
  • Libraries

Log in to your account

Log in with GOOGLE


If you do not have an external account, but do have a local account, you can still log in:

  1. Home
  2. MARC view: Julie of the wolves /
Normal view MARC view ISBD view

Julie of the wolves / (Record no. 287915)

[ view plain ]
MARC details
000 -LEADER
fixed length control field 00510nam a2200157Ia 4500
008 - FIXED-LENGTH DATA ELEMENTS--GENERAL INFORMATION
fixed length control field 150610s9999 xx 000 0 und d
020 ## - INTERNATIONAL STANDARD BOOK NUMBER
International Standard Book Number 0 590134701
050 ## - LIBRARY OF CONGRESS CALL NUMBER
Classification number PZ7
Item number .G2933Ju 1972
100 ## - MAIN ENTRY--PERSONAL NAME
Personal name George, Jean Craighead, 1919- 
245 ## - TITLE STATEMENT
Title Julie of the wolves /
Statement of responsibility, etc by Jean Craighead George; pictures by John Schoenherr.
260 ## - PUBLICATION, DISTRIBUTION, ETC. (IMPRINT)
Place of publication, distribution, etc New York :
Name of publisher, distributor, etc Harper & Row 
Date of publication, distribution, etc 1972.
300 ## - PHYSICAL DESCRIPTION
Extent 170. :
Other physical details illustrations ;
Dimensions 17 cm.
520 ## - SUMMARY, ETC.
Summary, etc Fiction.
650 ## - SUBJECT ADDED ENTRY--TOPICAL TERM
Topical term or geographic name as entry element Eskimos
General subdivision Fiction.
650 ## - SUBJECT ADDED ENTRY--TOPICAL TERM
Topical term or geographic name as entry element Survival
General subdivision Fiction.
Holdings
Withdrawn status Lost status Damaged status Home library Current library Shelving location Date acquired Total Checkouts Full call number Barcode Date last seen Price effective from Koha item type
      Stonyhurst Southville International School (Batangas) Stonyhurst Southville International School (Batangas) High School Section 06/10/2015   PZ 7.G2933Ju 1972 US-1124 06/10/2015 06/10/2015 Books

Julie of the wolves /

APA

George J. C. 1., . (1972). Julie of the wolves. New York: Harper & Row.

Chicago

George Jean Craighead 1919, . 1972. Julie of the wolves. New York: Harper & Row.

Harvard

George J. C. 1., . (1972). Julie of the wolves. New York: Harper & Row.

MLA

George Jean Craighead 1919, . Julie of the wolves. New York: Harper & Row. 1972.

  • Place hold
  • Print
  • Cite
  • Add to your cart (remove)
  • Save record
    BIBTEX Dublin Core MARCXML MARC (non-Unicode/MARC-8) MARC (Unicode/UTF-8) MARC (Unicode/UTF-8, Standard) MODS (XML) RIS
  • More searches
    Search for this title in:
    Other Libraries (WorldCat) Other Databases (Google Scholar) Online Stores (Bookfinder.com) Open Library (openlibrary.org)

Exporting to Dublin Core...

SOUTHVILLE LIBRARY

Southville International School and Colleges Library

1281 Tropical Ave. Cor. Luxembourg St., BF Homes International, Las Pinas City

Tel. No. 8256374 / 252358 Loc. 117/146

Powered by Koha